[Event "Moia op 1st"]
[Site "Moia"]
[Date "2013.06.09"]
[Round "4"]
[White "Climent Piguillem, Sixte"]
[Black "Carvajal Rodriguez, Juan"]
[Result "1-0"]
[WhiteElo "1700"]
[BlackElo "1435"]
[PlyCount "61"]
[EventDate "2013.05.19"]
[EventType "swiss"]
[EventRounds "8"]
[EventCountry "ESP"]
[SourceTitle "EXT 2014"]
[Source "ChessBase"]
[SourceDate "2013.11.20"]
[SourceVersion "1"]
[SourceVersionDate "2013.11.20"]
[SourceQuality "1"]

1. f4 d5 2. Nf3 Bg4 3. e3 e6 4. Bd3 Bd6 5. b3 Qf6 6. c3 e5 7. fxe5 Bxe5 8. 0-0 Nc6 9. Bb5 0-0-0 10. d4 Bd6 11. Bxc6 bxc6 12. Qd3 Bf5 13. Qa6+ Kb8 14. Ne5 Bxe5 15. dxe5 Qxe5 16. Qxc6 Rd6 17. Qc5 Nf6 18. Na3 Ne4 19. Qb4+ Rb6 20. Qd4 Qd6 21. Rxf5 f6 22. Rxd5 Qe6 23. Nb5 c6 24. Rd8+ Rxd8 25. Qxd8+ Kb7 26. Qc7+ Ka6 27. Qxa7+ Kxb5 28. a4+ Kc5 29. Ba3+ Kd5 30. Qxb6 Nxc3 31. Qd4# 1-0